000 00528nam a22001817a 4500
003 0
005 20231227141043.0
008 231227b xxu||||| |||| 00| 0 eng d
020 _a978-621-406-179-2
050 _aDS 668
_b.C67 2018
100 _aCorpuz, Ronald M.
245 _aReadings in Philippine history
_cRonald M. Corpuz
260 _aManila
_bMindshapers Co., Inc.
_cc2018.
300 _a254 pages ;
_c26cm.
504 _aIncludes bibliographical references.
650 _aPhilippines--history.
942 _2lcc
_cBK
999 _c365794
_d365794